[Event "ICS rated blitz match"]
[Site "204.178.125.65"]
[Date "1999.10.23"]
[Round "?"]
[White "Hossa"]
[Black "fog"]
[Result "1-0"]
[WhiteElo "2493"]
[BlackElo "2433"]
[PlyCount "121"]
[EventDate "1999.??.??"]

1. e4 c5 2. Nf3 e6 3. d4 cxd4 4. Nxd4 d6 5. Nc3 Nc6 6. Be3 Bd7 7. Ndb5 Qb8 8.
Bd3 a6 9. Nd4 Nf6 10. O-O Be7 11. Qe2 Nb4 12. Bg5 O-O 13. Bc4 b5 14. Bb3 Nc6
15. Qe3 Nxd4 16. Qxd4 a5 17. a3 Qa7 18. Bxf6 gxf6 19. Qd3 Qc5 20. a4 b4 21. Ne2
Kh8 22. Rad1 Bc6 23. Nd4 Rg8 24. Nxc6 Qxc6 25. Rd2 Rg7 26. f4 Rag8 27. f5 Qc5+
28. Kh1 Qe5 29. fxe6 fxe6 30. Qc4 Qxb2 31. Qxe6 Rf8 32. Rd5 Qc3 33. Rxa5 Qd2
34. Qh3 Qe2 35. Qf3 Qxf3 36. Rxf3 Rb8 37. Ra6 Rg5 38. Ra7 Re5 39. Bd5 Rc8 40.
g4 Kg7 41. Rf5 Kf8 42. Rf2 Rc3 43. Rb7 Ra3 44. Rxb4 h5 45. gxh5 Rxh5 46. Rg2
Rg5 47. h4 Rxg2 48. Kxg2 Rc3 49. Rc4 Rxc4 50. Bxc4 Bd8 51. h5 Kg7 52. Kf3 Kh6
53. Kg4 Ba5 54. Bf7 Bc3 55. Kf5 Kg7 56. Ke6 Bb4 57. Bg6 Kh6 58. Kxf6 Ba5 59.
Ke6 Bb4 60. c4 Ba5 61. Kxd6 {fog resigns} 1-0

[Event "ICS rated blitz match"]
[Site "204.178.125.65"]
[Date "1999.10.23"]
[Round "?"]
[White "fog"]
[Black "Hossa"]
[Result "0-1"]
[WhiteElo "2420"]
[BlackElo "2506"]
[PlyCount "78"]
[EventDate "1999.??.??"]

1. e4 e5 2. Ne2 Nf6 3. Nbc3 Nc6 4. Ng3 Bc5 5. Bc4 d6 6. d3 Ng4 7. Be3 Nxe3 8.
fxe3 O-O 9. Qf3 Na5 10. Bb3 Qg5 11. Kd2 c6 12. h4 Qg6 13. Nf5 Bxf5 14. exf5 Qh6
15. Ne4 Bd4 16. c3 Bb6 17. g4 d5 18. Ng3 Nxb3+ 19. axb3 d4 20. g5 dxe3+ 21. Kc2
Qd6 22. f6 Rfd8 23. Rad1 Qd5 24. Ne4 Re8 25. fxg7 Kxg7 26. h5 Qe6 27. Rdf1 Re7
28. Qe2 Kh8 29. Rf6 Qd5 30. Qf3 Rd7 31. Rd1 a5 32. Rh6 f5 33. gxf6 a4 34. bxa4
Qa2 35. Qf5 Qxa4+ 36. Kc1 e2 37. Re1 Qd1+ 38. Rxd1 Ra1+ 39. Kc2 39... exd1=Q# {
fog checkmated} 0-1

[Event "ICS rated blitz match"]
[Site "204.178.125.65"]
[Date "1999.10.23"]
[Round "?"]
[White "Hossa"]
[Black "Isfen"]
[Result "1-0"]
[WhiteElo "2518"]
[BlackElo "2249"]
[PlyCount "61"]
[EventDate "1999.??.??"]

1. e4 e5 2. Bc4 d6 3. Nf3 c6 4. d4 Nd7 5. O-O Be7 6. Be3 Ngf6 7. Nc3 O-O 8. Bd3
b5 9. Re1 a5 10. a4 b4 11. Ne2 h6 12. c3 c5 13. Rc1 Qc7 14. cxb4 axb4 15. b3
Bb7 16. dxe5 dxe5 17. Ng3 Rfd8 18. Bd2 Qb6 19. Nf5 Bf8 20. Qe2 Rac8 21. Rc4 Kh7
22. Ra1 g6 23. Ng3 Be7 24. Ra2 Bf8 25. Be3 Ng4 26. Ng5+ hxg5 27. Qxg4 f6 28.
Rc1 Kg7 29. h4 gxh4 30. Nf5+ Kf7 31. Bc4+ {Isfen resigns} 1-0

[Event "ICS rated blitz match"]
[Site "204.178.125.65"]
[Date "1999.10.23"]
[Round "?"]
[White "Hossa"]
[Black "Amateur"]
[Result "0-1"]
[WhiteElo "2539"]
[BlackElo "2478"]
[PlyCount "204"]
[EventDate "1999.??.??"]

1. e4 e5 2. Bc4 Nf6 3. d3 Nc6 4. Nf3 Bc5 5. O-O d6 6. c3 Bg4 7. Be3 Bxe3 8.
fxe3 O-O 9. Nbd2 Na5 10. Qa4 c6 11. Bb3 b5 12. Qb4 Nxb3 13. axb3 a5 14. Qa3 Bh5
15. Rae1 Ra7 16. c4 Qd7 17. c5 Re8 18. cxd6 b4 19. Qa1 Qxd6 20. Qb1 Ng4 21. Nc4
Qc7 22. Qc2 c5 23. Ra1 Ra6 24. Ra4 Nh6 25. Nh4 Ra7 26. Nf5 Re6 27. Ng3 Bg6 28.
Rf3 Re8 29. Kh1 Rd8 30. Ne2 Bh5 31. Rf1 Bg6 32. Ng3 f6 33. Rfa1 Rda8 34. Qf2
Be8 35. R4a2 a4 36. bxa4 Bxa4 37. Rc1 Bb3 38. Rxa7 Qxa7 39. Nd2 Be6 40. Qe2 Bg4
41. Qf1 Be6 42. Nf3 Qb6 43. Ra1 Re8 44. Kg1 Qd6 45. Qe2 Rd8 46. Ne1 Qd7 47. Rc1
Qb5 48. Nf1 Nf7 49. Nd2 Ra8 50. b3 Ra2 51. Qd1 Ng5 52. Nc4 Qb7 53. h4 Nf7 54.
Nf3 Qa8 55. Nfd2 Qd8 56. Rc2 Ra7 57. Qf1 Ra6 58. Nf3 Nd6 59. Ncd2 Qb6 60. Kf2
Nb5 61. h5 Nc3 62. h6 gxh6 63. Nh4 Qa7 64. Nf5 Bxf5 65. exf5 Ra1 66. Rc1 Ra2
67. Rd1 Qd7 68. d4 Nxd1+ 69. Qxd1 Qxf5+ 70. Ke1 Qg5 71. Qf3 exd4 72. Ne4 Qxe3+
73. Qxe3 dxe3 74. g4 Kg7 75. Nxc5 Rb2 76. Nd3 Rxb3 77. Nf4 Rb1+ 78. Ke2 b3 79.
Nd3 Rh1 80. Kxe3 Rh2 81. Kd4 b2 82. Nxb2 Rxb2 83. Ke4 Kg6 84. Kf4 Rb4+ 85. Kf3
Kg5 86. Ke3 Kxg4 87. Kd3 Kg3 88. Kc3 h5 89. Kxb4 h4 90. Kc4 h3 91. Kd4 h2 92.
Kd3 h1=Q 93. Kd4 Qf3 94. Kc5 Qe3+ 95. Kd5 h5 96. Kd6 h4 97. Kd5 h3 98. Kd6 h2
99. Kc7 h1=Q 100. Kd6 Qb6+ 101. Ke7 Qh7+ 102. Ke8 102... Qb8# {Hossa checkmated
} 0-1

[Event "ICS rated bullet match"]
[Site "204.178.125.65"]
[Date "1999.10.23"]
[Round "?"]
[White "Skeletor"]
[Black "Hossa"]
[Result "1-0"]
[WhiteElo "2632"]
[BlackElo "2479"]
[PlyCount "107"]
[EventDate "1999.??.??"]

1. e4 e5 2. Nf3 Nf6 3. Nxe5 d6 4. Nf3 Nxe4 5. d4 d5 6. Bd3 Be7 7. O-O Nc6 8. c4
Nb4 9. Be2 dxc4 10. Bxc4 O-O 11. Nc3 Nd6 12. Bb3 Bg4 13. Re1 Bh4 14. h3 Bh5 15.
Nd5 Nxd5 16. Bxd5 c6 17. Re5 Bxf3 18. Bxf3 Re8 19. Qd3 Bf6 20. Rxe8+ Qxe8 21.
Be3 Qe6 22. d5 Qf5 23. Qxf5 Nxf5 24. dxc6 bxc6 25. Bxc6 Rb8 26. Bxa7 Rxb2 27.
a4 Ne7 28. Bf3 g6 29. a5 Rxf2 30. Bxf2 Bxa1 31. a6 Nc8 32. Bb7 Na7 33. Bxa7 Be5
34. Bc5 Bb8 35. a7 Bxa7 36. Bxa7 f5 37. Bd4 g5 38. Bd5+ Kf8 39. Be6 f4 40. Bf6
h6 41. Kf2 Ke8 42. h4 gxh4 43. Kf3 Kf8 44. Kxf4 Ke8 45. Kg4 h3 46. Kxh3 Kf8 47.
Kh4 Ke8 48. Kh5 Kf8 49. Kxh6 Ke8 50. g4 Kf8 51. g5 Ke8 52. g6 Kf8 53. g7+ Ke8
54. g8=Q# {Hossa checkmated} 1-0

[Event "ICS rated blitz match"]
[Site "204.178.125.65"]
[Date "1999.10.23"]
[Round "?"]
[White "Amateur"]
[Black "Hossa"]
[Result "1-0"]
[WhiteElo "2497"]
[BlackElo "2520"]
[PlyCount "179"]
[EventDate "1999.??.??"]

1. e4 e5 2. Nf3 Nf6 3. Nxe5 d6 4. Nf3 Nxe4 5. d4 d5 6. Bd3 Be7 7. O-O Nc6 8.
Re1 Bg4 9. c4 Nf6 10. cxd5 Bxf3 11. Qxf3 Qxd5 12. Qg3 Qxd4 13. Nc3 O-O 14. Nb5
Qd7 15. Be2 Bd6 16. Nxd6 Qxd6 17. Bf4 Qd4 18. b3 Ne4 19. Qf3 Nd6 20. Red1 Qb4
21. Bd3 Rfe8 22. Qg3 Ne7 23. Rac1 Ng6 24. Bxg6 fxg6 25. Qf3 Re7 26. Qd5+ Kh8
27. g3 Qb6 28. Rc2 Nf7 29. Be3 Qd6 30. Qxd6 cxd6 31. Bxa7 b5 32. Be3 h6 33. Kg2
g5 34. Kh3 Kg8 35. g4 Re4 36. Kg3 g6 37. Kf3 Re6 38. Kg3 Ra3 39. Rc8+ Kh7 40.
Rc7 Rf6 41. Rd2 Kg8 42. Rb7 Ne5 43. Rxb5 Rf3+ 44. Kg2 Rf6 45. Rb8+ Rf8 46.
Rxf8+ Kxf8 47. Kg3 Kf7 48. f3 Ke6 49. Re2 Kd5 50. Rd2+ Ke6 51. Rc2 Nd3 52. Bd2
d5 53. h4 gxh4+ 54. Kxh4 Ne5 55. Bb4 g5+ 56. Kg3 Ra7 57. Rh2 Kf7 58. Bc3 Nd3
59. Rxh6 Rxa2 60. Bf6 Ra3 61. Bxg5 Rxb3 62. Rf6+ Kg7 63. Rf5 Rb5 64. Be7 Kg6
65. f4 Rb3 66. Rf6+ Kg7 67. Bd8 Ne1+ 68. Kf2 Nc2 69. f5 Rb2 70. g5 Kg8 71. Rb6
Rxb6 72. Bxb6 d4 73. Ke2 Kh7 74. g6+ Kh6 75. Bc5 Kg7 76. Kd2 d3 77. Bd6 Kf6 78.
Be5+ Kxe5 79. g7 Nd4 80. Kxd3 Nc6 81. g8=Q Kd6 82. f6 Ne5+ 83. Kc3 Nd7 84. Qd8
Kc6 85. f7 Nf8 86. Qxf8 Kd5 87. Qe7 Kc6 88. f8=Q Kb6 89. Qa8 Kb5 90. Qb4# {
Hossa checkmated} 1-0

[Event "ICS rated blitz match"]
[Site "204.178.125.65"]
[Date "1999.10.23"]
[Round "?"]
[White "Hossa"]
[Black "PostModernist"]
[Result "0-1"]
[WhiteElo "2487"]
[BlackElo "2548"]
[PlyCount "77"]
[EventDate "1999.??.??"]

1. e4 c5 2. Nf3 e6 3. d4 cxd4 4. Nxd4 a6 5. Bd3 Nf6 6. O-O d6 7. Nc3 Be7 8. Be3
O-O 9. f4 Nbd7 10. Qf3 Nc5 11. Rad1 Qc7 12. Be2 b5 13. Nb3 Bb7 14. Bxc5 dxc5
15. Nd2 Rfd8 16. Rfe1 Rd4 17. Nb3 Rxd1 18. Bxd1 b4 19. Ne2 Nxe4 20. Qe3 c4 21.
Nbd4 Qa5 22. Ng3 Nxg3 23. hxg3 Bc5 24. c3 Rd8 25. Bc2 Qxa2 26. Qe2 Qa5 27. Rc1
Bxd4+ 28. cxd4 Rxd4 29. Qf2 Qd5 30. Re1 b3 31. Bf5 Rd1 32. Rxd1 Qxd1+ 33. Kh2
exf5 34. Qa7 Qd7 35. Qb8+ Qc8 36. Qa7 h6 37. Qd4 Qc6 38. Qd8+ Kh7 39. Qd2 {
Hossa resigns} 0-1

[Event "ICS rated bullet match"]
[Site "204.178.125.65"]
[Date "1999.10.23"]
[Round "?"]
[White "SR71Blackbird"]
[Black "Hossa"]
[Result "0-1"]
[WhiteElo "1271"]
[BlackElo "2470"]
[PlyCount "40"]
[EventDate "1999.??.??"]

1. d3 d5 2. e3 e5 3. g3 Bb4+ 4. c3 Be7 5. b4 a5 6. a3 axb4 7. cxb4 Bxb4+ 8. Bd2
Nc6 9. Bxb4 Nxb4 10. Qb3 Nc6 11. d4 exd4 12. exd4 Nxd4 13. Qc3 Qe7+ 14. Kd2 c5
15. Qd3 Bf5 16. Qxf5 Nxf5 17. f4 Qe3+ 18. Kc2 Nd4+ 19. Kb2 Qb3+ 20. Kc1 20...
Qc2# {SR71Blackbird checkmated} 0-1

[Event "ICS rated blitz match"]
[Site "204.178.125.65"]
[Date "1999.10.23"]
[Round "?"]
[White "BugChess"]
[Black "Hossa"]
[Result "0-1"]
[WhiteElo "2262"]
[BlackElo "2474"]
[PlyCount "92"]
[EventDate "1999.??.??"]

1. d4 e6 2. Nf3 Nf6 3. c4 d5 4. g3 dxc4 5. Bg2 c5 6. O-O cxd4 7. Qa4+ Qd7 8.
Qxc4 Nc6 9. Rd1 a6 10. Nxd4 e5 11. Bxc6 bxc6 12. Qxc6 Ra7 13. Bf4 exd4 14. Qc4
Qh3 15. Qc6+ Bd7 16. Qb6 Ra8 17. Qxd4 Bc6 18. Qe3+ Be7 19. f3 Ng4 20. Qb6 Qxh2+
21. Kf1 Bb5 22. Nc3 Qh1+ 23. Qg1 Qxf3+ 24. Ke1 Qb7 25. Nd5 Rc8 26. Qd4 f5 27.
a4 Bc5 28. Qd2 Bf2+ 29. Kf1 Bc4 30. Nc7+ Kf7 31. Qd7+ Kg8 32. Rd5 Bxd5 33.
Qxd5+ Qxd5 34. Nxd5 Kf7 35. Rd1 Rhd8 36. Bg5 Rd7 37. Rd3 Bxg3 38. e4 Nf2 39.
Rxg3 Nxe4 40. Nb6 Nxg3+ 41. Kg2 Rc2+ 42. Kxg3 Rd3+ 43. Kf4 Ke6 44. Bh4 h6 45.
b4 g5+ 46. Bxg5 46... Rf2# {BugChess checkmated} 0-1

[Event "ICS rated blitz match"]
[Site "204.178.125.65"]
[Date "1999.10.23"]
[Round "?"]
[White "Hossa"]
[Black "PostModernist"]
[Result "0-1"]
[WhiteElo "2481"]
[BlackElo "2563"]
[PlyCount "200"]
[EventDate "1999.??.??"]

1. e4 c6 2. d4 d5 3. exd5 cxd5 4. Bd3 Nc6 5. c3 Nf6 6. Bf4 Bg4 7. Qb3 Na5 8.
Bb5+ Bd7 9. Bxd7+ Qxd7 10. Qd1 e6 11. Nf3 Be7 12. O-O O-O 13. Nbd2 Qb5 14. Qc2
Rfc8 15. Rae1 Nc4 16. Nxc4 Qxc4 17. Qb3 Qxb3 18. axb3 a5 19. Ra1 b5 20. Rfe1 b4
21. Rec1 Ne4 22. c4 g5 23. Be3 f5 24. g3 f4 25. gxf4 gxf4 26. Bd2 Nxd2 27. Nxd2
Kf7 28. Nf3 Kf6 29. c5 Rg8+ 30. Kf1 Kf5 31. Re1 Bf6 32. Ra4 h5 33. Re2 Ra7 34.
h3 Ra6 35. Ke1 Kg6 36. Kd2 h4 37. Kd3 Kf7 38. Re1 Rg2 39. Ke2 Rg8 40. Kd2 Rg2
41. Re2 Ke7 42. Kd3 Kd8 43. Kc2 Kc7 44. Kb1 Rg8 45. Kc1 Kd8 46. Kc2 Ke8 47. Kb1
Kf7 48. Kc1 Kg6 49. Kc2 Kf5 50. Kd3 Rg2 51. Kd2 Kg6 52. Kc2 Kg7 53. Rd2 Ra7 54.
Kd3 Kf8 55. Rc2 Ke7 56. Re2 Kd7 57. Kd2 Ra8 58. Ke1 Ra6 59. Kf1 Rg8 60. Re1 Kc7
61. Ke2 Kc6 62. Kd3 Kb5 63. Ne5 Bxe5 64. Rxe5 Rg2 65. Ke2 Rh2 66. Ra2 Rxh3 67.
Rh5 Ra8 68. Rh6 Re8 69. Kd2 Rf3 70. Rxh4 Rxf2+ 71. Ke1 Rf3 72. Ke2 Re3+ 73. Kd2
Re4 74. Kd3 Rg8 75. Rh2 Rg3+ 76. Kc2 Rxd4 77. Ra1 e5 78. Re1 e4 79. Rc1 Kxc5
80. Rh8 Kb6 81. Rf8 Rg2+ 82. Kb1 Rdd2 83. Rcc8 Rxb2+ 84. Ka1 Rbf2 85. Rf6+ Kb7
86. Rfc6 Rf1+ 87. Rc1 Rxc1+ 88. Rxc1 f3 89. Rf1 f2 90. Kb2 e3 91. Kc2 e2 92.
Rxf2 e1=Q 93. Rxg2 Qe4+ 94. Kc1 Qxg2 95. Kd1 a4 96. bxa4 b3 97. a5 Qc2+ 98. Ke1
b2 99. a6+ Kxa6 100. Kf1 100... b1=Q# {Hossa checkmated} 0-1

[Event "ICS rated blitz match"]
[Site "204.178.125.65"]
[Date "1999.10.23"]
[Round "?"]
[White "sergor"]
[Black "Hossa"]
[Result "1/2-1/2"]
[WhiteElo "2396"]
[BlackElo "2469"]
[PlyCount "140"]
[EventDate "1999.??.??"]

1. d4 e6 2. c4 Nf6 3. Nf3 d5 4. cxd5 exd5 5. Bg5 Bb4+ 6. Nc3 c5 7. e3 O-O 8.
Bd3 cxd4 9. Nxd4 Nbd7 10. Rc1 h6 11. Bh4 Nc5 12. O-O g5 13. Bg3 Nxd3 14. Qxd3
h5 15. Nde2 Re8 16. f3 h4 17. Bf2 h3 18. g4 Be6 19. Rfd1 Rc8 20. a3 Ba5 21. b4
Bb6 22. Nd4 Bxd4 23. Qxd4 a5 24. Na4 axb4 25. axb4 Rxc1 26. Rxc1 Rf8 27. Nc5
Bc8 28. Bg3 b6 29. Nd3 Ba6 30. Nf2 Bc4 31. Nxh3 Nh7 32. Nf2 b5 33. Nd3 Re8 34.
Nc5 Nf8 35. Ra1 Ne6 36. Nxe6 Rxe6 37. Ra7 Qf8 38. Qc5 Qxc5 39. bxc5 Rxe3 40.
Ra8+ Kh7 41. c6 d4 42. c7 Be6 43. c8=Q Bxc8 44. Rxc8 d3 45. Kf2 Re2+ 46. Kf1 b4
47. Rb8 Rc2 48. Ke1 Rb2 49. Be5 Re2+ 50. Kd1 Rxe5 51. Rxb4 Re3 52. f4 Rh3 53.
fxg5 Kg6 54. Rf4 Rxh2 55. Rf6+ Kxg5 56. Rxf7 Rg2 57. Rd7 Rg3 58. Kd2 Kxg4 59.
Rxd3 Rg1 60. Re3 Kg5 61. Re4 Rg3 62. Ke2 Kg6 63. Kf2 Rg5 64. Kf3 Kf6 65. Re8
Kg7 66. Kf4 Rg2 67. Re7+ Kg6 68. Re6+ Kg7 69. Re7+ Kg6 70. Re6+ 70... Kg7 {
Game drawn by mutual agreement} 1/2-1/2

[Event "ICS rated blitz match"]
[Site "204.178.125.65"]
[Date "1999.10.23"]
[Round "?"]
[White "Hossa"]
[Black "sergor"]
[Result "0-1"]
[WhiteElo "2466"]
[BlackElo "2399"]
[PlyCount "137"]
[EventDate "1999.??.??"]

1. e4 c5 2. Nf3 e6 3. d4 cxd4 4. Nxd4 a6 5. Bd3 Qc7 6. Nf3 d6 7. O-O Nf6 8. Bg5
Be7 9. a3 O-O 10. Nc3 Nbd7 11. Qe2 b6 12. Rac1 Bb7 13. Rfe1 Rfc8 14. Red1 b5
15. Qe3 Nb6 16. Rd2 Nc4 17. Bxc4 bxc4 18. Rcd1 Rd8 19. Nd4 Rab8 20. Bxf6 Bxf6
21. Qf3 Ba8 22. Rb1 h6 23. Kh1 Qc5 24. Qe3 Qc7 25. Nde2 Qb6 26. Qf3 Bg5 27. Rd4
Qc7 28. Rdd1 Bf6 29. Kg1 Rb7 30. Qe3 Rdb8 31. Qc1 Qa5 32. Rxd6 Bg5 33. f4 Qc5+
34. Rd4 e5 35. Na4 Qa7 36. fxg5 exd4 37. Kh1 hxg5 38. Qxg5 d3 39. cxd3 cxd3 40.
Ng3 Rb5 41. Qd2 Qd4 42. b4 Bxe4 43. Nc3 Bg6 44. Nxb5 axb5 45. Qg5 Qc4 46. Rc1
Qd4 47. Rb1 Rd8 48. Qxb5 d2 49. Rd1 Bc2 50. Rxd2 Qxd2 51. h3 Bb3 52. Qa5 Be6
53. Kh2 Rd3 54. Qa8+ Kh7 55. Qe4+ g6 56. Qh4+ Qh6 57. Qxh6+ Kxh6 58. Ne4 Rxa3
59. Nc5 Bd5 60. g4 Ra2+ 61. Kg1 Rb2 62. Nd7 Kg7 63. Nc5 Rxb4 64. Nd3 Rb3 65.
Nf4 Bb7 66. h4 Rg3+ 67. Kh2 Rxg4 68. Nd3 Rxh4+ 69. Kg3 {Hossa resigns} 0-1

[Event "ICS rated blitz match"]
[Site "204.178.125.65"]
[Date "1999.10.23"]
[Round "?"]
[White "blunite"]
[Black "Hossa"]
[Result "0-1"]
[WhiteElo "2190"]
[BlackElo "2447"]
[PlyCount "58"]
[EventDate "1999.??.??"]

1. d4 e6 2. Nf3 Nf6 3. c4 d5 4. Bg5 dxc4 5. e3 b5 6. a4 Bb4+ 7. Nc3 c6 8. Ne5
Bb7 9. Qf3 h6 10. Bh4 Qd5 11. Be2 Qe4 12. Bxf6 Qxf3 13. Bxf3 gxf6 14. Ng4 f5
15. Ne5 a6 16. Ke2 O-O 17. axb5 axb5 18. Rxa8 Bxa8 19. Ra1 Bb7 20. Ra7 f6 21.
Ng6 Rf7 22. Nxb5 Ba6 23. Nc7 c3+ 24. Rxa6 cxb2 25. Rb6 b1=Q 26. Rxb8+ Kh7 27.
Nf4 Qe1+ 28. Kd3 Qd2+ 29. Kc4 29... Qc3# {blunite checkmated} 0-1

[Event "ICS rated blitz match"]
[Site "204.178.125.65"]
[Date "1999.10.23"]
[Round "?"]
[White "Kob"]
[Black "Hossa"]
[Result "0-1"]
[WhiteElo "2225"]
[BlackElo "2461"]
[PlyCount "106"]
[EventDate "1999.??.??"]

1. e4 e5 2. Nf3 Nf6 3. Nc3 Nc6 4. Bb5 Bb4 5. Bxc6 dxc6 6. d3 Bg4 7. O-O Nd7 8.
h3 Bh5 9. g4 Bg6 10. Ne2 O-O 11. Ng3 Re8 12. c3 Ba5 13. Bg5 f6 14. Be3 Bb6 15.
Bxb6 axb6 16. Nh4 Nc5 17. Nxg6 hxg6 18. b4 Nxd3 19. Qb3+ Kf8 20. Rad1 Re7 21.
Rd2 Rd7 22. Rfd1 Rd6 23. Ne2 Qd7 24. Qb1 Nf4 25. Rxd6 Nxe2+ 26. Kf1 cxd6 27.
Kxe2 Qe6 28. Rd2 Ra3 29. Qd3 Rxa2 30. Kf3 Rxd2 31. Qxd2 g5 32. Qd3 b5 33. Kg3
g6 34. h4 gxh4+ 35. Kxh4 Kf7 36. g5 fxg5+ 37. Kxg5 Qf6+ 38. Kg4 Qxf2 39. Qxd6
Qg2+ 40. Kh4 Qxe4+ 41. Kg3 Qe3+ 42. Kg2 Qxc3 43. Qd7+ Kf6 44. Qd6+ Kg5 45. Qe7+
Kf4 46. Qh4+ Kf5 47. Qf2+ Kg5 48. Qf8 Qd2+ 49. Kh1 Qe1+ 50. Kg2 Qe2+ 51. Kh1
Kg4 52. Qf6 Qf3+ 53. Qxf3+ 53... Kxf3 {Kob resigns} 0-1

[Event "ICS rated blitz match"]
[Site "204.178.125.65"]
[Date "1999.10.23"]
[Round "?"]
[White "Hossa"]
[Black "Kob"]
[Result "1-0"]
[WhiteElo "2468"]
[BlackElo "2218"]
[PlyCount "87"]
[EventDate "1999.??.??"]

1. e4 c5 2. Nf3 d6 3. d4 cxd4 4. Nxd4 Nf6 5. Nc3 g6 6. Be2 Bg7 7. O-O O-O 8.
Bg5 Nc6 9. Nb3 Be6 10. Qc1 a5 11. Rd1 a4 12. Nc5 a3 13. Nxe6 fxe6 14. b3 Nd7
15. Bd2 Qb6 16. Rf1 Bd4 17. Qe1 Rxf2 18. Rxf2 Rf8 19. Bf3 Nde5 20. Na4 Qa7 21.
c3 Bxf2+ 22. Qxf2 Rxf3 23. Qxa7 Nxa7 24. gxf3 Nxf3+ 25. Kf2 Nxd2 26. Ke3 Nxe4
27. Kxe4 Kg7 28. Nb6 Nc6 29. Rf1 d5+ 30. Ke3 g5 31. Rg1 Kg6 32. Nd7 h5 33. Nc5
e5 34. Nxb7 g4 35. Nc5 Kf5 36. Rf1+ Kg5 37. Ne6+ Kh4 38. Rd1 d4+ 39. cxd4 exd4+
40. Nxd4 Nb4 41. Rd2 Kh3 42. Kf4 h4 43. Ne6 g3 44. Ng5# {Kob checkmated} 1-0

[Event "ICS rated blitz match"]
[Site "204.178.125.65"]
[Date "1999.10.23"]
[Round "?"]
[White "Kob"]
[Black "Hossa"]
[Result "1/2-1/2"]
[WhiteElo "2212"]
[BlackElo "2474"]
[PlyCount "101"]
[EventDate "1999.??.??"]

1. e4 e5 2. Nf3 Nf6 3. Nc3 Nc6 4. Bc4 Bc5 5. O-O d6 6. d3 Na5 7. Bb3 Nxb3 8.
axb3 Bg4 9. h3 Bh5 10. Be3 O-O 11. Bxc5 Bxf3 12. Qxf3 dxc5 13. Qg3 Qd6 14. Qh4
Qb6 15. Kh1 Rfe8 16. f4 Re7 17. fxe5 Rxe5 18. Rf3 Rae8 19. Raf1 Qd6 20. Rxf6
gxf6 21. Rxf6 Qe7 22. Nd5 Rxd5 23. exd5 Qe1+ 24. Qxe1 Rxe1+ 25. Kh2 Re2 26. Rf4
Rxc2 27. Rc4 Rxc4 28. dxc4 f5 29. Kg3 Kf7 30. Kf4 Kf6 31. g4 fxg4 32. hxg4 h6
33. Ke4 b6 34. Kf4 a6 35. Ke4 b5 36. Kf4 Kf7 37. Kf5 b4 38. Ke5 Ke7 39. Kf5 Kf7
40. Ke4 Ke8 41. Kf3 Kd7 42. Kf4 Ke8 43. g5 hxg5+ 44. Kxg5 Kd7 45. Kf6 Kd6 46.
Kf7 c6 47. dxc6 Kxc6 48. Ke6 Kb7 49. Kd5 Kb6 50. Kd6 Ka5 51. Kxc5 {
Hossa stalemated} 1/2-1/2

[Event "ICS Rated blitz match"]
[Site "204.178.125.65"]
[Date "1999.10.23"]
[Round "?"]
[White "Hossa"]
[Black "RedBear"]
[Result "0-1"]
[WhiteElo "2464"]
[BlackElo "2578"]
[PlyCount "83"]
[EventDate "1999.??.??"]

1. e4 c6 2. d4 d5 3. exd5 cxd5 4. Bd3 Nc6 5. c3 Nf6 6. Bf4 Bg4 7. Qb3 Qc8 8.
Ne2 Bh5 9. Na3 a6 10. O-O e6 11. Rae1 Be7 12. Ng3 O-O 13. Nxh5 Nxh5 14. Bg3
Nxg3 15. fxg3 Qc7 16. Nb1 Bg5 17. Qc2 g6 18. Qe2 Qb6 19. Qg4 Be7 20. Rf2 e5 21.
Qh3 exd4 22. Qh6 dxc3 23. Rxe7 Nxe7 24. Nxc3 Qd4 25. Bb1 Rfe8 26. g4 Nc6 27.
Qc1 Re7 28. g3 Rd8 29. g5 Qg4 30. Rf6 Ne5 31. Kg2 d4 32. Ne4 d3 33. Nf2 Qe2 34.
a3 d2 35. Qd1 Ng4 36. Qxe2 Rxe2 37. h3 d1=Q 38. hxg4 Qxb1 39. b4 Rdd2 40. Rf4
Rxf2+ 41. Rxf2 Qe4+ 42. Kg1 {Hossa resigns} 0-1

[Event "ICS rated bullet match"]
[Site "204.178.125.65"]
[Date "1999.10.23"]
[Round "?"]
[White "Hossa"]
[Black "cerrochato"]
[Result "1-0"]
[WhiteElo "2470"]
[BlackElo "1413"]
[PlyCount "43"]
[EventDate "1999.??.??"]

1. e4 g6 2. d4 Bg7 3. Nf3 d6 4. Bc4 Nf6 5. Nc3 O-O 6. O-O Bg4 7. h3 Bxf3 8.
gxf3 c6 9. Bg5 Qd7 10. h4 Nh5 11. Qd3 Qh3 12. Ne2 h6 13. Bxe7 Re8 14. Bxd6 Qxh4
15. Bxf7+ Kxf7 16. Qb3+ Re6 17. Qxb7+ Kf6 18. Qxa8 Qg5+ 19. Bg3 Nf4 20. Nxf4 h5
21. Nxe6 h4 22. Nxg5 {cerrochato resigns} 1-0

[Event "ICS rated bullet match"]
[Site "204.178.125.65"]
[Date "1999.10.23"]
[Round "?"]
[White "Hossa"]
[Black "ludo"]
[Result "1-0"]
[WhiteElo "2470"]
[BlackElo "1471"]
[PlyCount "67"]
[EventDate "1999.??.??"]

1. e4 Nf6 2. e5 Nd5 3. d4 d6 4. Nf3 Bg4 5. c4 Nb6 6. exd6 cxd6 7. Be2 Nc6 8.
Nbd2 e6 9. O-O d5 10. cxd5 Nxd5 11. Nc4 Be7 12. Ne3 Bxf3 13. Bxf3 O-O 14. Nxd5
exd5 15. Be3 Bf6 16. Rc1 Qd6 17. Rc5 Rfd8 18. Rb5 Qc7 19. Re1 Ne7 20. Qb3 b6
21. Bxd5 Nxd5 22. Rxd5 Qc6 23. Rxd8+ Rxd8 24. Rd1 Qe4 25. Qd3 Qxd3 26. Rxd3 Kf8
27. g4 g6 28. b3 Ke7 29. d5 Be5 30. f4 Bd6 31. Rd2 Rc8 32. Re2 Rc3 33. Bd4+ Kd7
34. Bxc3 {ludo resigns} 1-0

[Event "ICS rated blitz match"]
[Site "204.178.125.65"]
[Date "1999.10.23"]
[Round "?"]
[White "Chemberlen"]
[Black "Hossa"]
[Result "1-0"]
[WhiteElo "2505"]
[BlackElo "2453"]
[PlyCount "151"]
[EventDate "1999.??.??"]

1. e4 e5 2. Nf3 Nf6 3. Nxe5 d6 4. Nf3 Nxe4 5. d4 d5 6. Bd3 Be7 7. O-O Nc6 8. c4
Nb4 9. cxd5 Nxd3 10. Qxd3 Qxd5 11. Re1 Bf5 12. g4 Bg6 13. Nc3 Nxc3 14. Qxc3 c6
15. Bf4 Rd8 16. Re5 Qd6 17. Rxe7+ Qxe7 18. Re1 Be4 19. Qe3 O-O 20. Qxe4 Qd7 21.
Ne5 Qe6 22. Bg3 Qxa2 23. Re2 Qa1+ 24. Kg2 Qd1 25. Nf3 Rd7 26. g5 Qb3 27. Be5
Re7 28. Nh4 g6 29. Qf4 Re6 30. Nf3 Rfe8 31. Rd2 Qb5 32. h4 Qb3 33. Nh2 Qd5+ 34.
f3 Qa5 35. Ng4 R8e7 36. Nf6+ Kf8 37. Nxh7+ Kg8 38. Nf6+ Kf8 39. Kg3 Qd8 40. h5
gxh5 41. Rh2 Qa5 42. Rxh5 Qe1+ 43. Kg4 Qg1+ 44. Qg3 Qxg3+ 45. Kxg3 Re8 46. Rh8+
Kg7 47. Nxe8+ Kg6 48. Rg8+ Kh7 49. Rg7+ Kh8 50. f4 Rxe8 51. Rxf7+ Kg8 52. Rg7+
Kf8 53. Bf6 Re3+ 54. Kg4 Rb3 55. g6 Rxb2 56. Rh7 Rg2+ 57. Kf5 Ke8 58. Rh8+ Kd7
59. g7 Rxg7 60. Bxg7 Kc7 61. Be5+ Kb6 62. Ke6 a5 63. f5 a4 64. f6 Kb5 65. f7 b6
66. f8=Q Kc4 67. Rh3 Kb5 68. Qa3 Ka6 69. Bd6 b5 70. Rc3 Kb7 71. Rxc6 Kxc6 72.
Qc5+ Kb7 73. Qxb5+ Ka7 74. Bc7 a3 75. Qb6+ Ka8 76. Qb8# {Hossa checkmated} 1-0

[Event "ICS rated blitz match"]
[Site "204.178.125.65"]
[Date "1999.10.23"]
[Round "?"]
[White "Hossa"]
[Black "Champbuster"]
[Result "1-0"]
[WhiteElo "2439"]
[BlackElo "2378"]
[PlyCount "149"]
[EventDate "1999.??.??"]

1. e4 e6 2. d3 d5 3. Nd2 dxe4 4. dxe4 Nf6 5. e5 Nfd7 6. Ngf3 Nc6 7. Bb5 Bc5 8.
Ne4 O-O 9. Bg5 Be7 10. Bxc6 bxc6 11. Bxe7 Qxe7 12. O-O Ba6 13. Re1 Rab8 14. Qd4
c5 15. Qa4 Bb5 16. Qxa7 Nb6 17. Neg5 h6 18. Nh3 Bc6 19. Qa3 Nc4 20. Qc3 Nxb2
21. Reb1 Na4 22. Qa3 Nb6 23. Nd4 Bd5 24. Nb3 Nd7 25. f4 Ra8 26. Qb2 Rfb8 27.
Qc1 Qh4 28. Qe3 Rb4 29. Rd1 Re4 30. Qc1 Re2 31. Rd2 Qg4 32. Qf1 Bxg2 33. Nf2
Bxf1+ 34. Nxg4 Rxd2 35. Nxd2 Bh3 36. Ne3 Nb6 37. Ne4 Nd5 38. Nxd5 exd5 39. Nxc5
Bf5 40. Nd3 Ra3 41. Nb4 Rf3 42. Nxd5 Be6 43. Nxc7 Rxf4 44. Nxe6 fxe6 45. Rd1
Rc4 46. Rd6 Rxc2 47. Rxe6 Rxa2 48. Re7 Re2 49. h4 Kh7 50. h5 Re4 51. e6 Rh4 52.
Kf2 Rxh5 53. Kf3 Re5 54. Kf4 Re1 55. Kf5 h5 56. Kg5 Re5+ 57. Kf4 Re1 58. Kg5
Re5+ 59. Kf4 Re1 60. Kg5 h4 61. Kxh4 Kh6 62. Kg4 Re4+ 63. Kf5 Re1 64. Rf7 g6+
65. Kf6 Rf1+ 66. Ke7 Re1 67. Rf6 Kh5 68. Kf7 g5 69. e7 Kh4 70. Re6 Rf1+ 71. Kg7
Rf7+ 72. Kxf7 g4 73. Rg6 g3 74. e8=Q g2 75. Qh8# {Champbuster checkmated} 1-0